Catálogo
 En Linea

Larousse 2000 / (Registro nro. 14357)

Detalles MARC
000 -CABECERA
campo de control de longitud fija 01667nam a2200361 i 4500
001 - NÚMERO DE CONTROL
campo de control 000014774
003 - IDENTIFICADOR DEL NÚMERO DE CONTROL
campo de control DO-SdBNP
005 - FECHA Y HORA DE LA ÚLTIMA TRANSACCIÓN
campo de control 20240814093827.0
007 - CAMPO FIJO DE DESCRIPCIÓN FÍSICA--INFORMACIÓN GENERAL
campo de control de longitud fija ta
008 - DATOS DE LONGITUD FIJA--INFORMACIÓN GENERAL
campo de control de longitud fija 100122s2001 sp abc e 000 0 spa d
020 ## - NÚMERO INTERNACIONAL ESTÁNDAR DEL LIBRO
Número Internacional Estándar del Libro 8489898502 (Obra completa)
020 ## - NÚMERO INTERNACIONAL ESTÁNDAR DEL LIBRO
Número Internacional Estándar del Libro 848989860X (t. 10)
020 ## - NÚMERO INTERNACIONAL ESTÁNDAR DEL LIBRO
Número Internacional Estándar del Libro 8489898618 (t. 11)
020 ## - NÚMERO INTERNACIONAL ESTÁNDAR DEL LIBRO
Número Internacional Estándar del Libro 8489898626 (t. 12)
020 ## - NÚMERO INTERNACIONAL ESTÁNDAR DEL LIBRO
Número Internacional Estándar del Libro 8489898634 (t. 13)
020 ## - NÚMERO INTERNACIONAL ESTÁNDAR DEL LIBRO
Número Internacional Estándar del Libro 8489898502 (t. 15)
020 ## - NÚMERO INTERNACIONAL ESTÁNDAR DEL LIBRO
Número Internacional Estándar del Libro 8489898669 (t. 16)
040 ## - FUENTE DE LA CATALOGACIÓN
Centro catalogador/agencia de origen DO-SdBNP
Lengua de catalogación spa
Centro/agencia transcriptor BNPHU
Normas de descripción rda
082 #4 - NÚMERO DE LA CLASIFICACIÓN DECIMAL DEWEY
Número de clasificación 036.1
Número de documento/Ítem L332
Número de edición 22
245 00 - MENCIÓN DE TÍTULO
Título Larousse 2000 /
250 ## - MENCIÓN DE EDICIÓN
Mención de edición 4a. edición
264 #1 - PRODUCCIÓN, PUBLICACIÓN, DISTRIBUCIÓN, FABRICACIÓN Y COPYRIGHT
Producción, publicación, distribución, fabricación y copyright Barcelona, España :
Nombre del de productor, editor, distribuidor, fabricante Planeta,
-- Temáticos Larousse,
Fecha de producción, publicación, distribución, fabricación o copyright ©2001.
300 ## - DESCRIPCIÓN FÍSICA
Extensión 16 volúmenes :
Otras características físicas ilustraciones, mapas, retratos ;
Dimensiones 30 cm.
336 ## - TIPO DE CONTENIDO
Término de tipo de contenido texto
Código de tipo de contenido txt
Fuente rdacontent
337 ## - TIPO DE MEDIO
Nombre/término del tipo de medio sin mediación
Código del tipo de medio n
Fuente rdamedia
338 ## - TIPO DE SOPORTE
Nombre/término del tipo de soporte volumen
Código del tipo de soporte nc
Fuente rdacarrier
500 ## - NOTA GENERAL
Nota general La biblioteca posee los volúmenes: 10, 11, 12, 13, 15 y 16.
505 0# - NOTA DE CONTENIDO CON FORMATO
Información miscelánea t. 1 --
Título A-Arbes --
Información miscelánea t. 2. --
Título Arbil-böll --
Información miscelánea t. 3. --
Título Bolla-chacnité --
Información miscelánea t. 4. --
Título Chaco-cuadrante --
Información miscelánea t. 5. --
Título Cuadrar-encapado --
Información miscelánea t. 6. --
Título Encapar-flamen --
Información miscelánea t. 7. --
Título Flamenco-Primera Guerra Mundial --
Información miscelánea t. 8. --
Título Segunda Guerra Mundial-inusual --
Información miscelánea t. 9. --
Título Inútil-Livigno --
Información miscelánea t. 10. --
Título Livindo-mímica --
Información miscelánea t. 11. --
Título Mímico-orden --
Información miscelánea t. 12. --
Título Ordenación-pololos --
Información miscelánea t. 13. --
Título Polonés-rival --
Información miscelánea t. 14. --
Título Rivalidad-solemnizar --
Información miscelánea t. 15. --
Título Solenocito-tristes --
Información miscelánea t. 16. --
Título Tristeza-zydeco /
590 ## - NOTA LOCAL (RLIN)
Nota local Inventariado, 2024/ YL
650 #0 - PUNTO DE ACCESO ADICIONAL DE MATERIA--TÉRMINO DE MATERIA
Término de materia o nombre geográfico como elemento de entrada Diccionario Enciclópedico
9 (RLIN) 86131
910 ## - DATOS DE OPCIÓN DEL USUARIO (OCLC)
Datos de opción del usuario YLockward. Validado, control de calidad/MAA
942 ## - ELEMENTOS DE PUNTO DE ACCESO ADICIONAL (KOHA)
Fuente del sistema de clasificación o colocación Dewey Decimal Classification
Tipo de ítem Koha Libro
Existencias
Estado de retiro Estado de pérdida Fuente del sistema de clasificación o colocación Restricciones de uso No para préstamo Código de colección Localización permanente Ubicación/localización actual Ubicación en estantería Fecha de adquisición Fuente de adquisición Total de préstamos Signatura topográfica completa Código de barras Fecha visto por última vez Número de copia Tipo de ítem Koha Precio válido a partir de
    Dewey Decimal Classification Préstamo en sala   Referencia General Biblioteca Nacional Pedro Henríquez Ureña Biblioteca Nacional Pedro Henríquez Ureña Depósito 22.01.2010 Donado por Fundi   BNPHU R-GR 036.1 L332 14774-10 25.06.2020 v. 10 Libro  
    Dewey Decimal Classification Préstamo en sala   Referencia General Biblioteca Nacional Pedro Henríquez Ureña Biblioteca Nacional Pedro Henríquez Ureña Depósito 22.01.2010 Donado por Fundi   BNPHU R-GR 036.1 L332 14774-20 25.06.2020 v. 11 Libro 25.06.2020
    Dewey Decimal Classification Préstamo en sala   Referencia General Biblioteca Nacional Pedro Henríquez Ureña Biblioteca Nacional Pedro Henríquez Ureña Depósito 22.01.2010 Donado por Fundi   BNPHU R-GR 036.1 L332 14774-30 25.06.2020 v. 12 Libro 25.06.2020
    Dewey Decimal Classification Préstamo en sala   Referencia General Biblioteca Nacional Pedro Henríquez Ureña Biblioteca Nacional Pedro Henríquez Ureña Depósito 22.01.2010 Donado por Fundi   BNPHU R-GR 036.1 L332 14774-40 25.06.2020 v.13 Libro  
    Dewey Decimal Classification Préstamo en sala   Referencia General Biblioteca Nacional Pedro Henríquez Ureña Biblioteca Nacional Pedro Henríquez Ureña Depósito 22.01.2010 Donado por Fundi   BNPHU R-GR 036.1 L332 14774-50 25.06.2020 v.15 Libro 25.06.2020
    Dewey Decimal Classification Préstamo en sala   Referencia General Biblioteca Nacional Pedro Henríquez Ureña Biblioteca Nacional Pedro Henríquez Ureña Depósito 27.06.2014 Donado por Fundi   BNPHU R-GR 036.1 L332 14774-60 25.06.2020 v.16 Libro 25.06.2020

Con tecnología Koha